| 000 | 00608nam a2200205 a 4500 | ||
|---|---|---|---|
| 001 | 0848 | ||
| 005 | 20140414131959.0 | ||
| 008 | 040930s19uu xx 00 eng d | ||
| 020 | _a0-02-831065-9 | ||
| 050 |
_aTR 372.4 _bB35 2000 |
||
| 100 | _aBereiter, Carl | ||
| 245 |
_aReading and writing workbook, level 2 (green) / _cCarl Bereiter, et al. |
||
| 260 |
_aColumbus, Ohio : _bSRA/McGRaw-Hill, _c2000. |
||
| 300 | _a218 p. ; cm. | ||
| 440 | _aSRA Open Court Reading, Green | ||
| 526 | _cGrade 2 | ||
| 650 |
_aReading _xStudy and teaching. |
||
| 650 |
_aWriting _xStudy and teaching. |
||
| 999 |
_c113026 _d113026 |
||